My first picture word book

Bibliographic Details
Format: Book
Published: England : Brown Watson
Subjects:

MARC

LEADER 00000cam a2200000 7i4500
001 0000004527
005 20220105104003.0
008 070730
020 |a 0709714270 
090 0 0 |a JP   |b EL ENG (3946) 
245 1 0 |a My first picture word book 
260 |a England :   |b Brown Watson 
500 |a Children age 4-6 years old (yellow) 
650 0 |a Early learning 
650 0 |a Junior preschool   |x English   |x Languages 
999 |a 0000976087   |b Book   |c Children Collection   |e Perbadanan Perpustakaan Awam Johor 
999 |a 0000976088   |b Book   |c Children Collection   |e Perbadanan Perpustakaan Awam Johor 
999 |a 0000976089   |b Book   |c Children Collection   |e Perbadanan Perpustakaan Awam Johor